Statystyki dla Wymień składy wszystkich reprezentacji mundial 2022 PART 1

Kliknij tutaj aby rozwiązać quiz!

Ogólne statystyki

  • Ten quiz został rozwiązany 69 razy
  • Średni wynik to 66 z 410

Statystyki odpowiedzi

HintOdpowiedź% Poprawnych
NAPLewandowski
85%
BRASzczęsny
85%
NAPMessi
69%
OBRGlik
66%
OBRCash
65%
POMZieliński
65%
POMKrychowiak
58%
NAPMbappe
58%
NAPMilik
57%
NAPMartin
54%
BRASkorupski
54%
OBRBednarek
52%
NAPKane
52%
OBRBereszyński
49%
NAPPiątek
49%
POMSzymański
49%
OBRZalewski
49%
NAPDi Maria
48%
POMGrosicki
48%
BRALloris
48%
BRA | NAP | OBRMartinez
48%
OBRJędrzejczyk
45%
OBRKiwior
45%
NAPDepay
43%
POMKamiński
43%
NAPŚwiderski
43%
NAPAli
42%
NAP | OBR | POMAlvarez
42%
BRAGrabara
42%
BRAPickford
42%
NAPGiroud
40%
POMFrankowski
38%
NAPGriezmann
38%
NAP | POMDe Jong
37%
BRAOchoa
37%
OBRVan Dijk
37%
OBROtamendi
35%
POMBellingham
34%
NAPBenzema
34%
NAPDybala
34%
OBRHernandez
34%
OBRMaguire
34%
POMRabiot
34%
POMSkóraś
34%
NAPSterling
34%
NAPDembele
32%
POMEriksen
32%
NAPSaka
32%
POMBielik
31%
POMDe Paul
31%
BRA | OBR | POMMendy
31%
OBRStones
31%
OBRAcuna
29%
NAPRashford
29%
POMRice
29%
NAPValencia
29%
OBRWalker
29%
POMŻurkowski
29%
OBRBlind
28%
OBRDe Ligt
28%
OBRDumfries
28%
NAPPulisic
28%
BRASchmeichel
28%
POMCamavinga
26%
NAPComan
26%
NAPFoden
26%
POMGakpo
26%
OBRGumny
26%
POMHenderson
26%
NAPLozano
26%
OBRShaw
26%
OBRVarane
26%
OBRWieteska
26%
NAPBale
25%
OBRKoulibaly
25%
POMMac Allister
25%
BRAMandanda
25%
POMMount
25%
POMParedes
25%
OBRRomero
25%
NAPAfif
23%
OBRAke
23%
POMAl-Dawsari
23%
POMPhillips
23%
OBRTagliafico
23%
POMTchouameni
23%
OBRUpamecano
23%
NAPWeghorst
23%
BRAAreola
22%
POMFernandez
22%
POMGomez
22%
OBRKounde
22%
OBRPavard
22%
BRAPope
22%
BRARamsdale
22%
POMRamsey
22%
POMAllen
20%
NAPBergwijn
20%
NAPDamsgaard
20%
OBRDe Vrij
20%
NAPDia
20%
OBREstupinan
20%
NAPJames
20%
POMKlaassen
20%
OBRMolina
20%
BRANoppert
20%
POMRodriguez
20%
NAP | POMSarr
20%
BRAWard
20%
OBR | POMWilliams
20%
OBRAlexander-Arnold
18%
BRA | OBRDavies
18%
OBRDest
18%
POMGueye
18%
NAPJimenez
18%
OBRKjaer
18%
OBRPezzella
18%
OBRTrippier
18%
NAP | POMWilson
18%
POMBerghuis
17%
POMCaicedo
17%
BRA | NAPJohnson
17%
NAPKhazri
17%
NAPKolo Muani
17%
NAPLeckie
17%
NAPPoulsen
17%
BRARulli
17%
POMSimons
17%
BRA | OBRChristensen
15%
NAPCorrea
15%
POMFofana
15%
POMMcKennie
15%
OBRMoreno
15%
POMPlata
15%
NAPReyna
15%
BRARyan
15%
POMSkov
15%
NAPThuram
15%
OBRTimber
15%
POMVega
15%
NAPWeah
15%
OBRWhite
15%
POMAdams
14%
BRAArmani
14%
NAPAzmoun
14%
BRABeiranvand
14%
BRABijlow
14%
NAPBraithwaite
14%
POMCiss
14%
OBRCisse
14%
OBRCoady
14%
POMDe Roon
14%
OBRDier
14%
NAPEstrada
14%
NAPFunes Mori
14%
POMGallagher
14%
POMGuendouzi
14%
BRAHennessey
14%
POMHerrera
14%
OBRKonate
14%
POMKouyate
14%
OBRMaehle
14%
OBRMontiel
14%
NAP | OBRMoore
14%
POMMooy
14%
NAPNdiaye
14%
NAPTaremi
14%
BRATurner
14%
NAP | OBRWright
14%
OBRYedlin
14%
OBRAmpadu
12%
POMDelaney
12%
OBRDiallo
12%
POMDiatta
12%
BRA | NAPDieng
12%
NAPDolberg
12%
NAPDuke
12%
OBRFoyth
12%
OBRHincapie
12%
POMHojbjerg
12%
NAPJanssen
12%
NAPJebali
12%
POMKoopmeiners
12%
POMMaddison
12%
OBRMalacia
12%
OBR | POMPreciado
12%
OBRReam
12%
OBRRoberts
12%
OBRRobinson
12%
OBRRodon
12%
OBRSabaly
12%
OBRSaliba
12%
NAPSkov Olsen
12%
OBRZimmerman
12%
OBRAndersen
11%
OBRAraujo
11%
POMChavez
11%
BRADominguez
11%
NAPFerreira
11%
POMGhoddos
11%
BRAGomis
11%
OBRHajsafi
11%
OBRJakobs
11%
POMKanno
11%
POMMena
11%
POMMendez
11%
OBRMepham
11%
POMMorrell
11%
POMMusah
11%
BRAPasveer
11%
OBRSanchez
11%
NAPSargent
11%
NAPWind
11%
POMAaronson
9%
BRAAl-Owais
9%
OBRBah
9%
BRABarsham
9%
OBRCabango
9%
NAPCornelius
9%
OBRDisasi
9%
OBRFrimpong
9%
POMGuardado
9%
POMJahanbakhsh
9%
NAPLang
9%
OBRMontes
9%
BRARamirez
9%
POMSarmiento
9%
OBRSouttar
9%
OBRStryger Larsen
9%
POMVeretout
9%
OBRWass
9%
POMAl-Faraj
8%
NAPAl-Haydos
8%
OBRAl-Shahrani
8%
NAPAl-Shehri
8%
POMAlvarado
8%
POMAmiri
8%
POMBoudiaf
8%
OBRCarter-Vickers
8%
POMCifuentes
8%
POMColwill
8%
POMEzatolahi
8%
POMFranco
8%
BRAGalindez
8%
OBRGallardo
8%
NAPGoodwin
8%
POMGruezo
8%
OBRGunter
8%
BRA | OBRHassan
8%
BRAHassen
8%
BRA | OBRHosseini
8%
POMIbarra
8%
NAPJackson
8%
POMJensen
8%
OBRLong
8%
NAPMuntari
8%
OBRNelsson
8%
POMNorgaard
8%
OBRPacho
8%
OBR | POMPalacios
8%
OBRPorozo
8%
NAPReasco
8%
POMRomo
8%
POMSkhiri
8%
POMSmith
8%
POMTaylor
8%
POMThomas
8%
POMWaad
8%
POMAcosta
6%
OBRAhmed
6%
NAPAnsarifard
6%
OBRArboleda
6%
OBRArreaga
6%
OBRBallo-Toure
6%
BRACota
6%
NAPDiedhiou
6%
POMGholizadeh
6%
BRAHorvath
6%
POMHrustic
6%
POMIrvine
6%
POMLevitt
6%
OBRLockyer
6%
NAPMabil
6%
NAPMacLaren
6%
OBRMadu
6%
NAPMorris
6%
POMName
6%
BRARonnow
6%
NAPSliti
6%
BRATalavera
6%
OBRTorres
6%
BRAAbedzadeh
5%
NAPAlaaeldin
5%
NAPAl-Hadhrami
5%
POMAl-Hassan
5%
OBRAl-Rawi
5%
POMAntuna
5%
OBRAtkinson
5%
OBRBehich
5%
OBRBronn
5%
OBRCheshmi
5%
NAPCummings
5%
OBRDegenek
5%
NAPHarris
5%
OBRJalali
5%
OBRKaracic
5%
POMKarimi
5%
OBRKhalilzadeh
5%
OBRKhoukhi
5%
NAPKuol
5%
NAPLindstrom
5%
POMMejbri
5%
OBRMohammad
5%
BRANiazmand
5%
POMPineda
5%
OBRPouraliganji
5%
OBRRezaeian
5%
POMSassi
5%
POMTorabi
5%
POMAl-Hajri
3%
POMAl-Malki
3%
OBRArteaga
3%
POMAssadalla
3%
POMBen Romdhane
3%
BRABen Said
3%
NAPBen Slimane
3%
POMDe La Torre
3%
POMGutierrez
3%
POMHatem
3%
NAPJaziri
3%
OBRKanaanizadegan
3%
POMMadibo
3%
POMMcGree
3%
OBRMohammadi
3%
BRARedmayne
3%
POMRoldan
3%
OBRRo-Ro
3%
OBRRowles
3%
OBRSalman
3%
OBRScally
3%
OBRTambakti
3%
OBRVasquez
3%
BRAVukovic
3%
OBRAbdi
2%
OBRAbdulhamid
2%
POMAl-Abed
2%
OBRAl-Amri
2%
BRAAl-Aqidi
2%
NAPAl-Buraikan
2%
NAPAsiri
2%
POMBaccus
2%
BRADahmen
2%
OBRDeng
2%
POMDevlin
2%
OBRDrager
2%
OBRGaber
2%
OBRGhandri
2%
NAPGonzalez
2%
OBRIfa
2%
OBRKechrida
2%
OBRKing
2%
POMLaidouni
2%
OBRMaaloul
2%
OBRMeriah
2%
POMMeshaal
2%
OBRMoharrami
2%
NAPMsakni
2%
NAPMuneer
2%
OBRNissen Kristensen
2%
POMOtayf
2%
POMSharahili
2%
OBRTalbi
2%
POMAl-Aboud
0%
OBRAl-Breik
0%
OBRAl-Bulaihi
0%
OBRAl-Ghanam
0%
POMAl-Najei
0%
BRAAl-Rubaie
0%
POMBahebri
0%
NAPBoyle
0%
POMChaalali
0%
OBRKheder
0%
POMLoum N'Diaye
0%
BRAMathlouthi
0%
POMNourollahi
0%

Rozkład punktacji

Percentyl według liczby udzielonych odpowiedzi

Procent ludzi z każdym wynikiem

Twoja historia wyników

Nie rozwiązałeś tego quizu